000
00307nam a22001337a 4500
008
181217b xxu||||| |||| 00| 0 eng d
020
_a
1560534028
041
_a
eng
080
_2
2nd
_a
616.5
100
_a
7
101
_a
DER
245
_a
Dermatology Secrets in Color
_c
Fitzpatrick, J.E
942
_2
udc
_c
BK
999
_c
53315
_d
53315